Winning badminton /

Bibliographic Details
Main Author: Davidson, Kenneth R., 1905-1954
Other Authors: Gustavson, Lealand R., 1899-
Format: Book
Language:English
Published: New York : A.S. Barnes, [1953]
Series:Barnes sports library.
Subjects:

MARC

Tag First Indicator Second Indicator Subfields
LEADER 00000cam a2200000 4500
001 in00000027369
005 20151007061324.0
008 720324s1953 nyua 00010 eng u
010 |a  52008290  
035 |a (OCoLC)00270353 
035 |9 AAD1778AM 
040 |c AKR  |d TXA  |d UtOrBLW 
049 |a TXAM  |c [226115] 
050 0 |a GV1007  |b .D35 
092 |a 796.34  |b D252w 
100 1 |a Davidson, Kenneth R.,  |d 1905-1954. 
245 1 0 |a Winning badminton /  |c by Kenneth R. Davidson and Lealand R. Gustavson. 
264 1 |a New York :  |b A.S. Barnes,  |c [1953] 
300 |a 150 pages :  |b illustrations ;  |c 26 cm. 
336 |a text  |b txt  |2 rdacontent 
337 |a unmediated  |b n  |2 rdamedia 
338 |a volume  |b nc  |2 rdacarrier 
490 1 |a The Barnes sports library 
650 0 |a Badminton (Game) 
700 1 |a Gustavson, Lealand R.,  |d 1899- 
830 0 |a Barnes sports library. 
999 |a MARS 
999 f f |s b87e5bc2-a6ec-308c-82fc-3d5268f39f4e  |i cf502b21-4f29-3d6c-bdcc-9ce75b2c0a5e  |t 0 
952 f f |p ric  |a Texas A&M University  |b Rellis Campus  |c Joint Library Facility  |d Remote Storage  |t 0  |e GV1007 .D35  |h Library of Congress classification  |i unmediated -- volume  |m A14801184707 
998 f f |a GV1007 .D35  |t 0  |l Remote Storage